[Event "Canadian op"]
[Site "Calgary"]
[Date "2023.07.25"]
[Round "5"]
[White "Keleberda, Timur"]
[Black "Bitan, Banerjee"]
[Result "0-1"]
[WhiteElo "2302"]
[BlackElo "2397"]
[PlyCount "118"]
[EventDate "2023.07.22"]
[EventType "swiss"]
[EventRounds "10"]
[EventCountry "CAN"]
[SourceTitle "CBM 215 Extra"]
[Source "ChessBase"]
[SourceDate "2023.09.30"]
[SourceVersion "1"]
[SourceVersionDate "2023.09.30"]
[SourceQuality "1"]

1. e4 e6 2. d4 d5 3. Nc3 Be7 4. e5 c5 5. Nf3 Nc6 6. a3 a6 7. dxc5 Qc7 8. Be3 Nxe5 9. Nxe5 Qxe5 10. Qd4 Bf6 11. Qa4+ Bd7 12. Bb5 Rd8 13. Bxd7+ Rxd7 14. 0-0-0 Ne7 15. Bf4 Bg5 16. Bxg5 Qxg5+ 17. Kb1 Nc6 18. h4 Qe7 19. Qg4 0-0 20. Na4 Qf6 21. f4 Nd4 22. Qg5 Qxg5 23. hxg5 Ne2 24. Rh4 f6 25. f5 fxg5 26. fxe6 Re7 27. Rb4 d4 28. Rb6 h5 29. Re1 Rf2 30. Rd6 h4 31. Nb6 Nf4 32. Nc8 Rxe6 33. Rdxe6 Nxe6 34. Rxe6 Rxg2 35. Re1 h3 36. Rh1 h2 37. Ka2 Re2 38. Nd6 g6 39. Kb3 g4 40. Ne4 Rxe4 41. Rxh2 g3 42. Rg2 Rg4 43. Kc4 Kf7 44. b4 Ke6 45. a4 Ke5 46. b5 axb5+ 47. axb5 Kf4 48. Rg1 Kf3 49. c6 bxc6 50. bxc6 Rh4 51. c7 Rh8 52. Rf1+ Kg4 53. Rd1 Rc8 54. Rxd4+ Kh3 55. Rd5 Rxc7+ 56. Kd3 g2 57. Rg5 Rc6 58. Ke3 Kh2 59. Kf2 Rf6+ 0-1

[Event "Calgary 13th"]
[Site "Calgary"]
[Date "2022.09.23"]
[Round "6"]
[White "Ng, Gary"]
[Black "Bitan, Banerjee"]
[Result "1/2-1/2"]
[WhiteElo "2241"]
[BlackElo "2395"]
[PlyCount "31"]
[EventDate "2022.09.20"]
[EventType "tourn"]
[EventRounds "9"]
[EventCountry "CAN"]
[SourceTitle "CBM 210 Extra"]
[Source "ChessBase"]
[SourceDate "2022.11.30"]
[SourceVersion "1"]
[SourceVersionDate "2022.11.30"]
[SourceQuality "1"]

1. d4 Nf6 2. Bf4 g6 3. Nc3 d5 4. e3 Bg7 5. h4 Bf5 6. Nf3 c6 7. Ne5 h5 8. Qd2 Nfd7 9. 0-0-0 Nxe5 10. Bxe5 Bxe5 11. dxe5 Nd7 12. f4 Nc5 13. Be2 Qb6 14. Bf3 0-0-0 15. Qd4 Ne6 16. Qxb6 1/2-1/2

[Event "Calgary 12th"]
[Site "Calgary"]
[Date "2019.08.03"]
[Round "6"]
[White "Bitan, Banerjee"]
[Black "Haessel, Dale R"]
[Result "1-0"]
[WhiteElo "2423"]
[BlackElo "2148"]
[PlyCount "133"]
[EventDate "2019.07.31"]
[EventType "tourn"]
[EventRounds "10"]
[EventCountry "CAN"]
[EventCategory "1"]
[SourceTitle "CBM 191 Extra"]
[Source "ChessBase"]
[SourceDate "2019.09.30"]
[SourceVersion "1"]
[SourceVersionDate "2019.09.30"]
[SourceQuality "1"]

1. Nf3 Nf6 2. c4 g6 3. Nc3 d5 4. cxd5 Nxd5 5. Qa4+ Nc6 6. Ne5 Qd6 7. Nxc6 Qxc6 8. Qd4 Nf6 9. e4 Qd7 10. Qxd7+ Nxd7 11. d4 c6 12. a4 Bg7 13. Be3 a5 14. Bc4 0-0 15. 0-0 b6 16. Rfd1 Ba6 17. Bxa6 Rxa6 18. Rac1 f5 19. d5 c5 20. Bg5 Bf6 21. Bxf6 Rxf6 22. Re1 Ne5 23. Rcd1 f4 24. Nb5 g5 25. b3 Ra8 26. Na3 f3 27. Nc4 Nxc4 28. bxc4 fxg2 29. Kxg2 e5 30. dxe6 Rxe6 31. Rd5 h6 32. f3 Rf8 33. h3 Kg7 34. Red1 Kf6 35. Kg3 Kg6 36. R1d3 h5 37. Rd6 Rff6 38. Rxe6 Rxe6 39. h4 g4 40. Rd5 gxf3 41. Rg5+ Kh6 42. Kxf3 Rf6+ 43. Rf5 Rd6 44. e5 Rd3+ 45. Ke4 Rd4+ 46. Ke3 Kg6 47. Rf6+ Kg7 48. Rf4 Rd1 49. Ke4 Ra1 50. e6 Rxa4 51. e7 Ra1 52. e8N+ Kg6 53. Kd3 Rb1 54. Nc7 a4 55. Kc2 Rb3 56. Nd5 b5 57. cxb5 Rxb5 58. Rxa4 Kf5 59. Kd3 Rb1 60. Ne3+ Ke5 61. Re4+ Kf6 62. Kc4 Rb4+ 63. Kd5 Kg6 64. Ke5 Rxe4+ 65. Kxe4 Kg7 66. Nf5+ Kf6 67. Ng3 1-0

[Event "Calgary 12th"]
[Site "Calgary"]
[Date "2019.08.01"]
[Round "2"]
[White "Bitan, Banerjee"]
[Black "Sarkar, Justin"]
[Result "0-1"]
[WhiteElo "2423"]
[BlackElo "2389"]
[PlyCount "48"]
[EventDate "2019.07.31"]
[EventType "tourn"]
[EventRounds "10"]
[EventCountry "CAN"]
[EventCategory "1"]
[SourceTitle "CBM 191 Extra"]
[Source "ChessBase"]
[SourceDate "2019.09.30"]
[SourceVersion "1"]
[SourceVersionDate "2019.09.30"]
[SourceQuality "1"]

1. d4 d5 2. c4 dxc4 3. e4 e5 4. Nf3 exd4 5. Bxc4 Nc6 6. 0-0 Bc5 7. Nbd2 Bb6 8. e5 Nge7 9. b4 0-0 10. Ne4 Bg4 11. Bg5 Nxe5 12. Nxe5 Bxd1 13. Raxd1 h6 14. Bh4 g5 15. Bg3 Kg7 16. f4 Nd5 17. fxg5 hxg5 18. Bxd5 Qxd5 19. Nf6 Qxa2 20. Rf5 d3+ 21. Kh1 Qe6 22. Rdf1 Qxf5 23. Rxf5 d2 24. Nh5+ Kh6 0-1

[Event "Edmonton 14th"]
[Site "Edmonton"]
[Date "2019.06.22"]
[Round "8"]
[White "Noritsyn, Nikolay"]
[Black "Bitan, Banerjee"]
[Result "1-0"]
[WhiteElo "2508"]
[BlackElo "2427"]
[PlyCount "65"]
[EventDate "2019.06.18"]
[EventType "tourn"]
[EventRounds "9"]
[EventCountry "CAN"]
[EventCategory "5"]
[SourceTitle "CBM 191 Extra"]
[Source "ChessBase"]
[SourceDate "2019.09.30"]
[SourceVersion "1"]
[SourceVersionDate "2019.09.30"]
[SourceQuality "1"]

1. e4 c5 2. Nf3 d6 3. d4 cxd4 4. Nxd4 Nf6 5. Nc3 a6 6. Nb3 Nbd7 7. a4 b6 8. g4 Bb7 9. Bg2 Rc8 10. Qe2 g6 11. f4 h6 12. 0-0 e5 13. Be3 Be7 14. h3 Kf8 15. Rad1 Kg7 16. Qf2 Rxc3 17. bxc3 Nxe4 18. Bxe4 Bxe4 19. fxe5 Nxe5 20. Bd4 Qe8 21. Rde1 Bd5 22. a5 bxa5 23. Nd2 f6 24. c4 Ba8 25. c5 Rf8 26. Ne4 Qc6 27. Qg3 Qd5 28. Ba1 dxc5 29. c4 Qe6 30. Nxf6 Bxf6 31. Rxf6 Rxf6 32. Rxe5 Qxc4 33. Re7+ 1-0

[Event "Edmonton 14th"]
[Site "Edmonton"]
[Date "2019.06.19"]
[Round "2"]
[White "Balakrishnan, Praveen"]
[Black "Bitan, Banerjee"]
[Result "1/2-1/2"]
[WhiteElo "2428"]
[BlackElo "2427"]
[PlyCount "72"]
[EventDate "2019.06.18"]
[EventType "tourn"]
[EventRounds "9"]
[EventCountry "CAN"]
[EventCategory "5"]
[SourceTitle "CBM 191 Extra"]
[Source "ChessBase"]
[SourceDate "2019.09.30"]
[SourceVersion "1"]
[SourceVersionDate "2019.09.30"]
[SourceQuality "1"]

1. d4 c5 2. d5 e5 3. e4 d6 4. Nc3 Be7 5. Nf3 Bg4 6. h3 Bxf3 7. Qxf3 a6 8. Qg3 g6 9. h4 Nf6 10. a4 Nh5 11. Qh2 h6 12. Be2 Ng7 13. h5 gxh5 14. Bxh5 Bg5 15. Qg3 Nd7 16. Be2 Rg8 17. f4 exf4 18. Bxf4 Qf6 19. Bxg5 hxg5 20. 0-0-0 Ne5 21. Rdf1 Qe7 22. Nd1 0-0-0 23. Ne3 Rh8 24. Ng4 Nd7 25. Qf3 f6 26. Bd3 Rdf8 27. Rh3 Kc7 28. Rfh1 Rxh3 29. Rxh3 Ne5 30. Qg3 Ng6 31. Rh7 Rh8 32. Rxh8 Nxh8 33. Qf3 Ne8 34. Qf5 Nf7 35. Be2 Ne5 36. a5 Kd8 1/2-1/2

[Event "Canadian op"]
[Site "Quebec"]
[Date "2018.07.12"]
[Round "7"]
[White "Bitan, Banerjee"]
[Black "Yang, Kaiqi"]
[Result "1-0"]
[WhiteElo "2398"]
[BlackElo "2455"]
[PlyCount "75"]
[EventDate "2018.07.07"]
[EventType "swiss"]
[EventRounds "9"]
[EventCountry "CAN"]
[SourceTitle "CBM 185 Extra"]
[Source "ChessBase"]
[SourceDate "2018.07.29"]
[SourceVersion "1"]
[SourceVersionDate "2018.07.29"]
[SourceQuality "1"]

1. d4 Nf6 2. c4 e6 3. Nf3 b6 4. g3 Ba6 5. Qc2 Bb4+ 6. Bd2 Be7 7. e4 d6 8. Bg2 d5 9. exd5 exd5 10. Ne5 0-0 11. 0-0 c6 12. Re1 h6 13. cxd5 cxd5 14. Nc3 Bb7 15. Rad1 Na6 16. Bf4 Bb4 17. Bh3 Ne4 18. f3 Ng5 19. Bf5 Nc7 20. h4 Nge6 21. Be3 Qd6 22. Kg2 Rac8 23. Qd2 Rcd8 24. Bb1 Rfe8 25. Bxh6 Bxc3 26. bxc3 Nxd4 27. Bxg7 Nxf3 28. Kxf3 Kxg7 29. Qg5+ Kf8 30. Bh7 d4+ 31. Kf2 Rxe5 32. Rxe5 Ne6 33. Rxe6 Qxe6 34. Qxd8+ Kg7 35. Qg8+ Kh6 36. Rxd4 Qxa2+ 37. Ke3 Qa1 38. Rd6+ 1-0

[Event "Edmonton 12th"]
[Site "Edmonton"]
[Date "2017.06.22"]
[Round "5"]
[White "Shabalov, Alexander"]
[Black "Bitan, Banerjee"]
[Result "1-0"]
[WhiteElo "2556"]
[BlackElo "2375"]
[PlyCount "117"]
[EventDate "2017.06.20"]
[EventType "swiss"]
[EventRounds "9"]
[EventCountry "CAN"]
[SourceTitle "EXT 2019"]
[Source "ChessBase"]
[SourceDate "2018.10.10"]
[SourceVersion "1"]
[SourceVersionDate "2018.10.10"]
[SourceQuality "1"]

1. d4 Nf6 2. Bf4 g6 3. Nf3 Bg7 4. e3 0-0 5. Be2 c5 6. c3 d6 7. Na3 cxd4 8. exd4 Nd5 9. Bg3 a6 10. Qb3 Nc7 11. Nc4 Nc6 12. Nb6 Rb8 13. Rd1 Bf5 14. 0-0 Ne6 15. Nd5 b5 16. Ne3 Be4 17. Qa3 b4 18. Qxa6 Na5 19. Nd2 bxc3 20. bxc3 Bb7 21. Qd3 f5 22. Nc2 Nc7 23. Bh4 Qe8 24. Nb4 Qf7 25. f3 Ne6 26. Qe3 Rbc8 27. Bf2 Nc7 28. Rfe1 Nd5 29. Nxd5 Bxd5 30. a4 Bf6 31. Bb5 Rc7 32. Rb1 Rfc8 33. Rec1 Kg7 34. Qd3 Qe6 35. Ba6 Ra8 36. c4 Bxf3 37. d5 Be2 38. Qa3 Qe5 39. Bb5 Qf4 40. Qe3 Qg4 41. h3 Qh5 42. c5 Bxb5 43. axb5 Rxc5 44. Rxc5 dxc5 45. Qxc5 Nb7 46. Qe3 f4 47. Qf3 Qxf3 48. Nxf3 Rd8 49. Rd1 e5 50. Rc1 Nd6 51. b6 e4 52. Nd4 e3 53. Ne6+ Kg8 54. Nxd8 exf2+ 55. Kxf2 Bxd8 56. Rc6 Be7 57. Kf3 Kf7 58. Rc7 Nb5 59. Rxe7+ 1-0

[Event "Edmonton 12th"]
[Site "Edmonton"]
[Date "2017.06.21"]
[Round "3"]
[White "Bitan, Banerjee"]
[Black "Arruebarrena Rodriguez, Rafael"]
[Result "1-0"]
[WhiteElo "2375"]
[BlackElo "2232"]
[PlyCount "73"]
[EventDate "2017.06.20"]
[EventType "swiss"]
[EventRounds "9"]
[EventCountry "CAN"]
[SourceTitle "EXT 2019"]
[Source "ChessBase"]
[SourceDate "2018.10.10"]
[SourceVersion "1"]
[SourceVersionDate "2018.10.10"]
[SourceQuality "1"]

1. d4 Nf6 2. c4 e6 3. Nc3 Bb4 4. e3 0-0 5. Nge2 d5 6. a3 Be7 7. cxd5 Nxd5 8. Bd2 Nd7 9. g3 N5f6 10. Bg2 c6 11. 0-0 e5 12. b4 exd4 13. Nxd4 Nb6 14. Qb3 Bg4 15. h3 Bd7 16. a4 Nbd5 17. Nce2 Qc8 18. e4 Nc7 19. Kh2 Rd8 20. Rac1 a6 21. f4 Bf8 22. e5 Nfd5 23. g4 Re8 24. Ng3 Qd8 25. Ne4 Bc8 26. Rcd1 h6 27. Be1 Ne6 28. Nf5 Qb6 29. a5 Qc7 30. Nfd6 Rd8 31. Bg3 Qb8 32. f5 Nec7 33. g5 hxg5 34. Nxg5 f6 35. Rxd5 fxg5 36. Rdd1+ Kh7 37. Qf7 1-0

[Event "Alberta-ch"]
[Site "Calgary"]
[Date "2017.04.15"]
[Round "3"]
[White "Arruebarrena Rodriguez, Rafael"]
[Black "Bitan, Banerjee"]
[Result "0-1"]
[WhiteElo "2242"]
[BlackElo "2364"]
[PlyCount "64"]
[EventDate "2017.04.14"]
[EventType "tourn"]
[EventRounds "5"]
[EventCountry "CAN"]
[SourceTitle "EXT 2019"]
[Source "ChessBase"]
[SourceDate "2018.10.10"]
[SourceVersion "1"]
[SourceVersionDate "2018.10.10"]
[SourceQuality "1"]

1. e4 e6 2. d4 d5 3. Nc3 Nf6 4. e5 Nfd7 5. f4 c5 6. Nf3 Be7 7. Be3 0-0 8. Qd2 b6 9. h4 Nc6 10. h5 f5 11. dxc5 Nxc5 12. Bb5 Bb7 13. Bxc6 Bxc6 14. Nd4 Qc8 15. 0-0-0 b5 16. Qe1 b4 17. Nce2 Bd7 18. g4 fxg4 19. Qg3 a5 20. Qxg4 Rf7 21. f5 exf5 22. Qg2 b3 23. Qxd5 a4 24. Nc3 bxc2 25. Kxc2 f4 26. Bxf4 Ne6 27. Be3 Nxd4+ 28. Qxd4 Bf5+ 29. Kc1 a3 30. b3 Qc6 31. Bd2 Rd8 32. Qc4 Rxd2 0-1

[Event "Canadian op"]
[Site "Windsor"]
[Date "2016.07.17"]
[Round "9"]
[White "Antal, Gergely"]
[Black "Bitan, Banerjee"]
[Result "1-0"]
[WhiteElo "2545"]
[BlackElo "2368"]
[PlyCount "73"]
[EventDate "2016.07.10"]
[EventType "swiss"]
[EventRounds "9"]
[EventCountry "CAN"]
[SourceTitle "EXT 2017"]
[Source "ChessBase"]
[SourceDate "2016.10.25"]
[SourceVersion "1"]
[SourceVersionDate "2016.10.25"]
[SourceQuality "1"]

1. e4 e6 2. d4 d5 3. Nd2 Nf6 4. e5 Nfd7 5. Bd3 c5 6. c3 Nc6 7. Ne2 cxd4 8. cxd4 f6 9. exf6 Nxf6 10. 0-0 Bd6 11. Nf3 Qc7 12. Bg5 0-0 13. Bh4 Nh5 14. Qc2 h6 15. Bh7+ Kh8 16. Bg6 Rxf3 17. Bxh5 Rf8 18. Bg3 Bd7 19. a3 Rac8 20. Rac1 Qb8 21. Qd2 Rf6 22. Rc3 Rcf8 23. Re3 b6 24. Bg4 Na5 25. b3 Nb7 26. a4 b5 27. a5 b4 28. Be5 Rg6 29. Bh5 Rg5 30. Rh3 Rff5 31. Ng3 Bxe5 32. dxe5 Rxg3 33. hxg3 Nc5 34. Bg6 Qxe5 35. Bxf5 exf5 36. Qf4 Qe2 37. Qd6 1-0

[Event "Canadian op"]
[Site "Windsor"]
[Date "2016.07.14"]
[Round "5"]
[White "MacDonald, Jonathan"]
[Black "Bitan, Banerjee"]
[Result "0-1"]
[WhiteElo "2030"]
[BlackElo "2368"]
[PlyCount "88"]
[EventDate "2016.07.10"]
[EventType "swiss"]
[EventRounds "9"]
[EventCountry "CAN"]
[SourceTitle "EXT 2017"]
[Source "ChessBase"]
[SourceDate "2016.10.25"]
[SourceVersion "1"]
[SourceVersionDate "2016.10.25"]
[SourceQuality "1"]

1. d4 Nf6 2. Bg5 e6 3. e4 h6 4. Bxf6 Qxf6 5. Nc3 d6 6. Nf3 g6 7. Bb5+ c6 8. e5 Qd8 9. Bd3 d5 10. 0-0 b6 11. Ne2 Ba6 12. Nf4 Be7 13. c3 Bxd3 14. Qxd3 h5 15. h4 Rg8 16. g3 a5 17. Nh3 Kf8 18. Nfg5 Kg7 19. f4 Qd7 20. Rf3 c5 21. Raf1 Nc6 22. f5 gxf5 23. Rxf5 exf5 24. Rxf5 Bxg5 25. Nxg5 Raf8 26. Rf6 Rh8 27. e6 Qe7 28. Rxf7+ Rxf7 29. exf7 Qf6 30. f8Q+ Kxf8 31. Nh7+ Rxh7 32. Qxh7 cxd4 33. cxd4 Qxd4+ 34. Kh2 Qxb2+ 35. Kh3 Qf6 36. Qxh5 Ne5 37. Qe2 d4 38. h5 Qf5+ 39. g4 Qf4 40. Kg2 Qxg4+ 41. Qxg4 Nxg4 42. Kf3 Ne5+ 43. Ke4 d3 44. Ke3 Kg7 0-1

[Event "Edmonton 11th"]
[Site "Edmonton"]
[Date "2016.06.20"]
[Round "3"]
[White "Bitan, Banerjee"]
[Black "Shankland, Samuel L"]
[Result "0-1"]
[WhiteElo "2341"]
[BlackElo "2646"]
[PlyCount "80"]
[EventDate "2016.06.18"]
[EventType "tourn"]
[EventRounds "9"]
[EventCountry "CAN"]
[EventCategory "9"]
[SourceTitle "CBM 173 Extra"]
[Source "ChessBase"]
[SourceDate "2016.08.29"]
[SourceVersion "1"]
[SourceVersionDate "2016.08.29"]
[SourceQuality "1"]

1. e4 c5 2. Nf3 d6 3. d4 cxd4 4. Nxd4 Nf6 5. Nc3 a6 6. Be2 Nbd7 7. 0-0 g6 8. a4 Bg7 9. Re1 0-0 10. Bf1 Re8 11. Bg5 h6 12. Bh4 b6 13. Nd5 Bb7 14. Bc4 e6 15. Nxf6+ Nxf6 16. f3 d5 17. exd5 Bxd5 18. Bf1 Bb7 19. Nb3 Qc7 20. Bg3 e5 21. a5 b5 22. Bf2 e4 23. Bb6 Qc8 24. fxe4 Nxe4 25. c3 Qf5 26. Qc2 Qh5 27. Be2 Qh4 28. Bf3 Ng5 29. Qf2 Nxf3+ 30. gxf3 Qh5 31. Nd4 Bf6 32. Rxe8+ Rxe8 33. Re1 Rxe1+ 34. Qxe1 Bxf3 35. Qe8+ Kg7 36. Nxf3 Qxf3 37. Bc5 Qd1+ 38. Kf2 Bh4+ 39. Kg2 Qd5+ 40. Kh3 Qf3+ 0-1